Les grandes dates de la littérature française (notice n° 2163118)
[ vue normale ]
| 000 -LEADER | |
|---|---|
| fixed length control field | 01122cam a2200133 4500500 |
| 005 - DATE AND TIME OF LATEST TRANSACTION | |
| control field | 20260405040541.0 |
| 041 ## - LANGUAGE CODE | |
| Language code of text/sound track or separate title | fre |
| 042 ## - AUTHENTICATION CODE | |
| Authentication code | dc |
| 100 10 - MAIN ENTRY--PERSONAL NAME | |
| Personal name | Couprie, Alain |
| Relator term | author |
| 245 00 - TITLE STATEMENT | |
| Title | Les grandes dates de la littérature française |
| 260 ## - PUBLICATION, DISTRIBUTION, ETC. | |
| Name of publisher, distributor, etc. | Armand Colin,<br/> |
| Date of publication, distribution, etc. | 2009.<br/> |
| 520 ## - SUMMARY, ETC. | |
| Summary, etc. | Ce vade-mecum qui retrace l’histoire de la littérature du Moyen Âge à nos jours propose à la fois une chronologie comparée de ses grandes dates et une analyse commentée de ses auteurs, œuvres, genres et courants. Ouvrage de référence, il peut être ainsi consulté ponctuellement pour une vérification ou une information ; il constitue également une petite histoire littéraire que l’on peut lire en continu, permettant de replacer les œuvres et les auteurs dans leur contexte. Grâce à une présentation très claire en colonnes sur doubles pages, il constitue, pour découvrir ou se remémorer l’essentiel de la littérature, l’outil indispensable aux étudiants. |
| 856 41 - ELECTRONIC LOCATION AND ACCESS | |
| Uniform Resource Identifier | <a href="https://shs.cairn.info/les-grandes-dates-de-la-litterature-francaise--9782200244668?lang=fr&redirect-ssocas=7080">https://shs.cairn.info/les-grandes-dates-de-la-litterature-francaise--9782200244668?lang=fr&redirect-ssocas=7080</a> |
Pas d'exemplaire disponible.




Réseaux sociaux